[Event "Titled Tuesday intern op 20th Aug Early"]
[Site "Chess.com INT"]
[Date "2024.08.20"]
[Round "9"]
[White "Martinez Pla, Xavier"]
[Black "Krzesaj, Robert"]
[Result "0-1"]
[WhiteElo "2261"]
[BlackElo "2391"]
[PlyCount "72"]
[EventDate "2024.08.20"]
[EventType "swiss (blitz)"]
[EventRounds "11"]
[EventCountry "USA"]
[SourceTitle "EXT 2025"]
[Source "ChessBase"]
[SourceDate "2024.10.14"]
[SourceVersion "1"]
[SourceVersionDate "2024.10.14"]
[SourceQuality "1"]

1. e4 c6 2. d4 d5 3. exd5 cxd5 4. Bd3 Nc6 5. c3 Nf6 6. Bf4 Bg4 7. Qb3 Qd7 8. Nd2 e6 9. Ngf3 Bd6 10. Bxd6 Qxd6 11. 0-0 0-0 12. Rae1 Ne7 13. Ne5 Bf5 14. Qc2 b5 15. a3 a5 16. Bxf5 Nxf5 17. g4 Nh4 18. Qd3 b4 19. axb4 axb4 20. f4 bxc3 21. bxc3 Ra3 22. f5 Qc7 23. Rc1 Rc8 24. Nb1 Ra2 25. Nd2 Ne4 26. Nxe4 dxe4 27. Qxe4 f6 28. fxe6 fxe5 29. d5 Ng6 30. c4 Qb6+ 31. Kh1 Qb2 32. Rc2 Qxc2 33. Qxc2 Rxc2 34. d6 Rd2 35. c5 Rxc5 36. e7 Rc8 0-1

[Event "Titled Tuesday intern op 23rd Apr Late"]
[Site "Chess.com INT"]
[Date "2024.04.23"]
[Round "6"]
[White "Krzesaj, Robert"]
[Black "Karamsetty, Jeevan"]
[Result "0-1"]
[WhiteElo "2391"]
[BlackElo "2222"]
[PlyCount "85"]
[EventDate "2024.04.23"]
[EventType "swiss (blitz)"]
[EventRounds "11"]
[EventCountry "USA"]
[SourceTitle "CBM 219 Extra"]
[Source "ChessBase"]
[SourceDate "2024.05.31"]
[SourceVersion "1"]
[SourceVersionDate "2024.05.31"]
[SourceQuality "1"]

1. d4 g6 2. g3 Bg7 3. Bg2 d6 4. Nf3 Nf6 5. c4 0-0 6. 0-0 c6 7. Nc3 Bf5 8. Nh4 Be6 9. b3 d5 10. cxd5 cxd5 11. Nf3 Nc6 12. a4 Rc8 13. Bb2 Qd7 14. Ne5 Nxe5 15. dxe5 Ng4 16. Nxd5 Nxe5 17. e4 Rfd8 18. Qe2 h5 19. Rfd1 Bg4 20. f3 Nxf3+ 21. Bxf3 Bxf3 22. Qxf3 Bxb2 23. Nf6+ Bxf6 24. Rxd7 Rxd7 25. Rf1 Rc3 26. Qf4 Bd4+ 27. Kh1 e5 28. Qf6 Rxb3 29. Rc1 Rc3 30. Rb1 Rc6 31. Qf1 Rdc7 32. Qb5 Rc2 33. Qd5 Rf2 34. Qd8+ Kg7 35. Qh4 Rcc2 36. Rd1 a6 37. Rb1 b5 38. axb5 axb5 39. Qh3 b4 40. g4 hxg4 41. Qg3 b3 42. Qh4 b2 43. Rg1 0-1

[Event "Titled Tuesday intern op 23rd Apr Late"]
[Site "Chess.com INT"]
[Date "2024.04.23"]
[Round "2"]
[White "Malakhov, Vladimir"]
[Black "Krzesaj, Robert"]
[Result "1-0"]
[WhiteElo "2648"]
[BlackElo "2391"]
[PlyCount "99"]
[EventDate "2024.04.23"]
[EventType "swiss (blitz)"]
[EventRounds "11"]
[EventCountry "USA"]
[SourceTitle "CBM 219 Extra"]
[Source "ChessBase"]
[SourceDate "2024.05.31"]
[SourceVersion "1"]
[SourceVersionDate "2024.05.31"]
[SourceQuality "1"]

1. e4 c6 2. d4 d5 3. e5 Bf5 4. Nf3 e6 5. Be2 c5 6. 0-0 Nc6 7. c3 h6 8. Be3 Qb6 9. Qb3 Qxb3 10. axb3 cxd4 11. Nxd4 Nge7 12. Nd2 Nxd4 13. Bxd4 Nc6 14. Bb5 a6 15. Bxc6+ bxc6 16. b4 Be7 17. Nb3 Bd3 18. Rfe1 Bc4 19. Na5 Kd7 20. Bc5 Bxc5 21. bxc5 Rhb8 22. b4 Kc7 23. h4 h5 24. Nxc4 dxc4 25. Re4 Rd8 26. Rxc4 Kb7 27. Rf4 Rd7 28. Re1 Rf8 29. Ree4 Rd3 30. Rd4 Rxd4 31. Rxd4 Kc7 32. f3 Ra8 33. Rf4 Rf8 34. g4 hxg4 35. fxg4 Kd7 36. Rf2 Ke7 37. Ra2 Ra8 38. Kf2 f6 39. Ke3 fxe5 40. Ke4 Kf6 41. g5+ Kg6 42. Kxe5 Kh5 43. Kxe6 Kxh4 44. Kd7 Kxg5 45. Kxc6 Kf4 46. Kb7 Re8 47. c6 Re3 48. c7 Rxc3 49. c8Q Rxc8 50. Kxc8 1-0

[Event "Titled Tuesday intern op 16th Apr Late"]
[Site "Chess.com INT"]
[Date "2024.04.16"]
[Round "5"]
[White "Domingo Nunez, Alejandro"]
[Black "Krzesaj, Robert"]
[Result "0-1"]
[WhiteElo "2318"]
[BlackElo "2391"]
[PlyCount "146"]
[EventDate "2024.04.16"]
[EventType "swiss (blitz)"]
[EventRounds "11"]
[EventCountry "USA"]
[SourceTitle "CBM 219 Extra"]
[Source "ChessBase"]
[SourceDate "2024.05.31"]
[SourceVersion "1"]
[SourceVersionDate "2024.05.31"]
[SourceQuality "1"]

1. Nf3 d5 2. g3 c6 3. Bg2 Nf6 4. 0-0 Bf5 5. d3 e6 6. Nh4 Bg6 7. Nxg6 hxg6 8. c4 Nbd7 9. cxd5 exd5 10. e4 dxe4 11. dxe4 Be7 12. Nc3 Qa5 13. h3 0-0 14. Qc2 Rfe8 15. a3 Rad8 16. b4 Qc7 17. Nd5 Nxd5 18. exd5 c5 19. Be3 b6 20. Rfe1 Bd6 21. Rac1 Rc8 22. Qa4 Nf6 23. bxc5 bxc5 24. Qc6 Qd8 25. Qa6 Qd7 26. Rb1 Re5 27. Rb7 Rc7 28. Rxc7 Qxc7 29. Qc6 Qe7 30. Rb1 Ne4 31. Bf4 Nc3 32. Bxe5 Qxe5 33. Rf1 Ne2+ 34. Kh1 Nxg3+ 35. fxg3 Qxg3 36. Qe8+ Kh7 37. Kg1 c4 38. Qe4 Qh2+ 39. Kf2 Qg3+ 40. Ke2 Qxa3 41. Rf3 Qb2+ 42. Kf1 c3 43. Re3 c2 44. Re1 c1Q 45. Rxc1 Qxc1+ 46. Ke2 Qb2+ 47. Kf3 Qc3+ 48. Ke2 Qb2+ 49. Kf3 Qa3+ 50. Ke2 a5 51. Qh4+ Kg8 52. Qd8+ Bf8 53. Bf3 Qe7+ 54. Qxe7 Bxe7 55. Kd3 a4 56. Kc4 a3 57. Kb3 Bd6 58. Bg4 Kf8 59. Bc8 Ke7 60. Bb7 Kf6 61. Bc6 Ke5 62. Be8 Kf6 63. Ka2 g5 64. Kb3 Ke7 65. Bc6 Bc5 66. Ka2 f5 67. Bb5 Kd6 68. Bc4 Ke5 69. Kb1 Bd6 70. Kc2 Kd4 71. Bb3 Ke3 72. Kc3 f4 73. Kc4 f3 0-1

[Event "Titled Tuesday intern op 16th Apr Late"]
[Site "Chess.com INT"]
[Date "2024.04.16"]
[Round "3"]
[White "Krzesaj, Robert"]
[Black "Gruca, Miroslav"]
[Result "1-0"]
[WhiteElo "2391"]
[BlackElo "2198"]
[PlyCount "77"]
[EventDate "2024.04.16"]
[EventType "swiss (blitz)"]
[EventRounds "11"]
[EventCountry "USA"]
[SourceTitle "CBM 219 Extra"]
[Source "ChessBase"]
[SourceDate "2024.05.31"]
[SourceVersion "1"]
[SourceVersionDate "2024.05.31"]
[SourceQuality "1"]

1. d4 d5 2. c4 e6 3. Nf3 c6 4. g3 f5 5. Bg2 Bd6 6. 0-0 Qe7 7. b3 a5 8. a4 Na6 9. Ba3 Nb4 10. Qd2 Nf6 11. c5 Bc7 12. Bxb4 Ne4 13. Qe1 axb4 14. Qxb4 0-0 15. Qa3 g5 16. b4 Qg7 17. Qb2 g4 18. Ne5 Rf6 19. f3 gxf3 20. exf3 Ng5 21. f4 Ne4 22. Nd2 Rh6 23. Nxe4 fxe4 24. b5 Bxe5 25. fxe5 Bd7 26. Rf4 Rf8 27. Raf1 Rxf4 28. Rxf4 Rg6 29. Qe2 Be8 30. bxc6 Bxc6 31. a5 Qc7 32. Qf1 Qd8 33. Bh3 Bd7 34. Rf7 Rg7 35. Rf6 Qe7 36. Qf4 Kh8 37. Rf8+ Rg8 38. Rf7 Qe8 39. Qf6+ 1-0

[Event "Titled Tuesday intern op 09th Apr Late"]
[Site "Chess.com INT"]
[Date "2024.04.09"]
[Round "5"]
[White "Gertler, David"]
[Black "Krzesaj, Robert"]
[Result "1-0"]
[WhiteElo "2218"]
[BlackElo "2391"]
[PlyCount "51"]
[EventDate "2024.04.09"]
[EventType "swiss (blitz)"]
[EventRounds "11"]
[EventCountry "USA"]
[SourceTitle "EXT 2025"]
[Source "ChessBase"]
[SourceDate "2024.10.14"]
[SourceVersion "1"]
[SourceVersionDate "2024.10.14"]
[SourceQuality "1"]

1. e4 c6 2. c4 d5 3. cxd5 cxd5 4. exd5 Nf6 5. Bb5+ Nbd7 6. Nc3 g6 7. d4 Bg7 8. d6 exd6 9. Qe2+ Kf8 10. Nf3 a6 11. Bd3 b5 12. Bf4 Nb6 13. Ne4 Nxe4 14. Bxe4 Ra7 15. 0-0 h6 16. Rac1 Kg8 17. Qc2 Kh7 18. Rfe1 Re8 19. Qc6 Nc4 20. Bxg6+ fxg6 21. Rxe8 Bd7 22. Rxd8 Bxc6 23. b3 Bxf3 24. gxf3 Nb6 25. Bxd6 Rf7 26. Rc7 1-0

[Event "Titled Tuesday intern op 09th Apr Late"]
[Site "Chess.com INT"]
[Date "2024.04.09"]
[Round "6"]
[White "Krzesaj, Robert"]
[Black "Yevchenko, Alexander"]
[Result "1-0"]
[WhiteElo "2391"]
[BlackElo "2276"]
[PlyCount "83"]
[EventDate "2024.04.09"]
[EventType "swiss (blitz)"]
[EventRounds "11"]
[EventCountry "USA"]
[SourceTitle "EXT 2025"]
[Source "ChessBase"]
[SourceDate "2024.10.14"]
[SourceVersion "1"]
[SourceVersionDate "2024.10.14"]
[SourceQuality "1"]

1. d4 Nf6 2. c4 e6 3. g3 d5 4. Bg2 Nbd7 5. Nf3 dxc4 6. Qc2 Bb4+ 7. Nbd2 0-0 8. 0-0 c5 9. Nxc4 Nb6 10. a3 Nxc4 11. axb4 Nd6 12. bxc5 Nb5 13. Rd1 Bd7 14. Ne5 Qc8 15. Qb3 a6 16. Nc4 Nd5 17. Bxd5 exd5 18. Nb6 Qc6 19. Nxa8 Rxa8 20. Bf4 Re8 21. Qf3 Re4 22. e3 Qg6 23. Qg2 Qh5 24. f3 Bh3 25. Qf2 Re6 26. g4 Bxg4 27. fxg4 Qxg4+ 28. Kh1 Qf5 29. Rg1 Qd3 30. Qg2 g6 31. Qxd5 Qe2 32. Rae1 Qd3 33. Qd8+ Kg7 34. Be5+ f6 35. Qd7+ Kh6 36. Qxe6 Qe4+ 37. Rg2 fxe5 38. Qg4 Qd3 39. Qh4+ Kg7 40. Qe7+ Kh6 41. Qxe5 Qd2 42. Rxd2 1-0

[Event "Titled Tuesday intern op 09th Apr Late"]
[Site "Chess.com INT"]
[Date "2024.04.09"]
[Round "7"]
[White "Papp, Bence"]
[Black "Krzesaj, Robert"]
[Result "1-0"]
[WhiteElo "2278"]
[BlackElo "2391"]
[PlyCount "67"]
[EventDate "2024.04.09"]
[EventType "swiss (blitz)"]
[EventRounds "11"]
[EventCountry "USA"]
[SourceTitle "EXT 2025"]
[Source "ChessBase"]
[SourceDate "2024.10.14"]
[SourceVersion "1"]
[SourceVersionDate "2024.10.14"]
[SourceQuality "1"]

1. e4 c6 2. d4 d5 3. e5 Bf5 4. h4 h5 5. Bd3 Bxd3 6. Qxd3 Qa5+ 7. Nd2 e6 8. Ngf3 Nd7 9. 0-0 Nh6 10. c4 Nf5 11. cxd5 cxd5 12. Nb3 Qb6 13. Bg5 Be7 14. g3 a5 15. Rfc1 a4 16. Nbd2 0-0 17. Bxe7 Nxe7 18. Nf1 Qa6 19. Qd2 Nf5 20. Ne3 Nxe3 21. Qxe3 Rfc8 22. Qg5 Qe2 23. Kg2 a3 24. bxa3 Nf8 25. Qxh5 Rc2 26. Rxc2 Qxc2 27. Ng5 Qg6 28. Qf3 Rc8 29. Re1 Rc2 30. Re2 Rc1 31. Rb2 Ra1 32. Rxb7 f6 33. exf6 gxf6 34. Nh3 1-0

[Event "Titled Tuesday intern op 09th Apr Late"]
[Site "Chess.com INT"]
[Date "2024.04.09"]
[Round "11"]
[White "Ruperez Benito, Antonio"]
[Black "Krzesaj, Robert"]
[Result "1-0"]
[WhiteElo "2333"]
[BlackElo "2391"]
[PlyCount "59"]
[EventDate "2024.04.09"]
[EventType "swiss (blitz)"]
[EventRounds "11"]
[EventCountry "USA"]
[SourceTitle "EXT 2025"]
[Source "ChessBase"]
[SourceDate "2024.10.14"]
[SourceVersion "1"]
[SourceVersionDate "2024.10.14"]
[SourceQuality "1"]

1. e4 c6 2. d4 d5 3. e5 Bf5 4. h4 h5 5. Bd3 Bxd3 6. Qxd3 Qa5+ 7. b4 Qxb4+ 8. Nd2 e6 9. Rb1 Qe7 10. Ngf3 Qd7 11. c4 Nh6 12. Ba3 Be7 13. 0-0 Nf5 14. Bxe7 Qxe7 15. c5 Nxh4 16. Nxh4 Qxh4 17. Rxb7 Nd7 18. Qa6 Qxd4 19. Rxd7 Qxd2 20. Re7+ Kf8 21. Qb7 Qf4 22. Qxa8+ Kxe7 23. Qxh8 Qxe5 24. Rb1 Kf6 25. Qd8+ Kg6 26. Qd6 Qe4 27. Qg3+ Kh7 28. Rb7 Qf5 29. Qf3 Qg6 30. Qxf7 1-0

[Event "Titled Tuesday intern op 02nd Apr Late"]
[Site "Chess.com INT"]
[Date "2024.04.02"]
[Round "7"]
[White "Alcazar Jimenez, Jesus Alberto"]
[Black "Krzesaj, Robert"]
[Result "0-1"]
[WhiteElo "2147"]
[BlackElo "2391"]
[PlyCount "54"]
[EventDate "2024.04.02"]
[EventType "swiss (blitz)"]
[EventRounds "11"]
[EventCountry "USA"]
[SourceTitle "CBM 219 Extra"]
[Source "ChessBase"]
[SourceDate "2024.05.31"]
[SourceVersion "1"]
[SourceVersionDate "2024.05.31"]
[SourceQuality "1"]

1. c4 c6 2. e4 d5 3. exd5 cxd5 4. d4 Nf6 5. Nf3 Nc6 6. Nc3 Bg4 7. c5 Bxf3 8. gxf3 g6 9. Be3 Bg7 10. f4 0-0 11. Bg2 b6 12. cxb6 axb6 13. 0-0 e6 14. a3 Na5 15. b3 h5 16. h3 Ne8 17. Na4 Nd6 18. Qd3 b5 19. Nc5 Qh4 20. Rfd1 Rfc8 21. Qd2 Nf5 22. Rab1 Nc6 23. Nd7 Ncxd4 24. Nb6 Rc2 25. Qd3 Rxa3 26. Nd7 Nxe3 27. fxe3 Qf2+ 0-1

[Event "Titled Tuesday intern op 02nd Apr Late"]
[Site "Chess.com INT"]
[Date "2024.04.02"]
[Round "11"]
[White "Krzesaj, Robert"]
[Black "Jimenez Salas, Maria Teresa"]
[Result "0-1"]
[WhiteElo "2391"]
[BlackElo "1946"]
[PlyCount "138"]
[EventDate "2024.04.02"]
[EventType "swiss (blitz)"]
[EventRounds "11"]
[EventCountry "USA"]
[SourceTitle "CBM 219 Extra"]
[Source "ChessBase"]
[SourceDate "2024.05.31"]
[SourceVersion "1"]
[SourceVersionDate "2024.05.31"]
[SourceQuality "1"]

1. d4 d5 2. c4 c6 3. g3 Nf6 4. Bg2 Bf5 5. cxd5 cxd5 6. Qb3 Qd7 7. Nf3 Nc6 8. Nc3 e6 9. Bf4 Bb4 10. 0-0 0-0 11. Ne5 Nxe5 12. Qxb4 Nc6 13. Qa4 a6 14. e3 b5 15. Qd1 Na5 16. b3 Rac8 17. Rc1 Nc6 18. a4 b4 19. Nb1 Na5 20. Nd2 Rc3 21. Qe2 Rfc8 22. Ra1 Rc2 23. Qd1 R2c3 24. Be5 Bc2 25. Qf3 Ne4 26. Nxe4 dxe4 27. Qg4 f5 28. Qg5 Nxb3 29. Ra2 Nd2 30. g4 b3 31. Rb2 Nxf1 32. Bxf1 Bd3 33. Bh3 Rc1+ 34. Kg2 Bf1+ 35. Kg3 Bxh3 36. Kxh3 h6 37. Qg6 Qf7 38. Qxf7+ Kxf7 39. Rxb3 fxg4+ 40. Kxg4 Kg6 41. Rb7 Rg1+ 42. Kf4 Kh7 43. Re7 Rc4 44. a5 Ra4 45. Bc7 Rg2 46. Kxe4 Rxf2 47. Rxe6 Rc2 48. Re7 Kg8 49. Be5 Rg2 50. Bc7 Rc2 51. Bb6 Rxh2 52. Kd5 h5 53. e4 h4 54. Bc7 Re2 55. Be5 Rg2 56. Ke6 h3 57. d5 h2 58. Bxh2 Rxh2 59. e5 Rxa5 60. d6 Re2 61. Kf5 Raxe5+ 62. Rxe5 Rxe5+ 63. Kxe5 Kf8 64. Kd5 Ke8 65. Kc6 Kd8 66. Kb6 g5 67. Kxa6 g4 68. Kb5 g3 69. Kc4 g2 0-1

[Event "Titled Tuesday intern op 02nd Apr Late"]
[Site "Chess.com INT"]
[Date "2024.04.02"]
[Round "6"]
[White "Krzesaj, Robert"]
[Black "Luke Brezmes, Cristofer"]
[Result "1/2-1/2"]
[WhiteElo "2391"]
[BlackElo "2067"]
[PlyCount "77"]
[EventDate "2024.04.02"]
[EventType "swiss (blitz)"]
[EventRounds "11"]
[EventCountry "USA"]
[SourceTitle "CBM 219 Extra"]
[Source "ChessBase"]
[SourceDate "2024.05.31"]
[SourceVersion "1"]
[SourceVersionDate "2024.05.31"]
[SourceQuality "1"]

1. d4 d6 2. Nf3 Nf6 3. g3 g6 4. Bg2 Bg7 5. 0-0 0-0 6. c4 c5 7. d5 b5 8. cxb5 a6 9. bxa6 Bxa6 10. Nc3 Nbd7 11. Rb1 Ng4 12. Qc2 Nge5 13. Nxe5 Nxe5 14. b3 Qa5 15. Bd2 Rfc8 16. a4 Qb6 17. h3 Rab8 18. Kh2 e6 19. f4 Nd7 20. e4 Bxf1 21. Bxf1 Qb4 22. dxe6 fxe6 23. Bc4 Kf7 24. Nb5 Rxb5 25. axb5 Qa3 26. f5 gxf5 27. exf5 Ne5 28. Bxe6+ Kf8 29. Bxc8 c4 30. b6 Qc5 31. b7 Qf2+ 32. Kh1 Qf3+ 33. Kg1 Qxg3+ 34. Kf1 Qf3+ 35. Ke1 Qh1+ 36. Ke2 Qf3+ 37. Ke1 Qh1+ 38. Kf2 Qf3+ 39. Ke1 1/2-1/2

[Event "Titled Tuesday intern op 02nd Apr Late"]
[Site "Chess.com INT"]
[Date "2024.04.02"]
[Round "8"]
[White "Krzesaj, Robert"]
[Black "Romero Ruscalleda, Josep"]
[Result "0-1"]
[WhiteElo "2391"]
[BlackElo "2153"]
[PlyCount "80"]
[EventDate "2024.04.02"]
[EventType "swiss (blitz)"]
[EventRounds "11"]
[EventCountry "USA"]
[SourceTitle "CBM 219 Extra"]
[Source "ChessBase"]
[SourceDate "2024.05.31"]
[SourceVersion "1"]
[SourceVersionDate "2024.05.31"]
[SourceQuality "1"]

1. d4 g6 2. c4 Bg7 3. g3 d6 4. Bg2 Nc6 5. Nf3 Nf6 6. 0-0 Bf5 7. Nc3 0-0 8. Nh4 Bd7 9. Nf3 Qc8 10. e4 Bg4 11. Be3 e5 12. d5 Ne7 13. Qd2 Nh5 14. b4 a6 15. c5 f5 16. Bg5 Qd7 17. Nh4 f4 18. f3 Bh3 19. g4 Bxg2 20. Nxg2 Nf6 21. Rac1 a5 22. cxd6 Qxd6 23. a3 axb4 24. axb4 Qxb4 25. Rb1 Qc5+ 26. Kh1 b6 27. Bh4 Ra3 28. Rfc1 Qa5 29. Qb2 Ra8 30. Bf2 Ne8 31. Ne1 Nd6 32. Nb5 Ra2 33. Qb3 Nxb5 34. Bh4 Nd4 35. Qc4 Qd2 36. Nc2 Rxc2 37. Rxc2 Qxc2 38. Qxc2 Nxc2 39. Bxe7 Bf8 40. Bf6 Bd6 0-1

[Event "Titled Tuesday intern op 02nd Apr Late"]
[Site "Chess.com INT"]
[Date "2024.04.02"]
[Round "1"]
[White "Zakhartsov, Vladimir"]
[Black "Krzesaj, Robert"]
[Result "1-0"]
[WhiteElo "2508"]
[BlackElo "2391"]
[PlyCount "63"]
[EventDate "2024.04.02"]
[EventType "swiss (blitz)"]
[EventRounds "11"]
[EventCountry "USA"]
[SourceTitle "CBM 219 Extra"]
[Source "ChessBase"]
[SourceDate "2024.05.31"]
[SourceVersion "1"]
[SourceVersionDate "2024.05.31"]
[SourceQuality "1"]

1. d4 d5 2. c4 c6 3. cxd5 cxd5 4. Bf4 Nf6 5. e3 Nc6 6. Bb5 Bd7 7. Nc3 Rc8 8. Nf3 a6 9. Bd3 Bg4 10. 0-0 e6 11. h3 Bxf3 12. Qxf3 Bd6 13. Bg5 Be7 14. Rac1 0-0 15. a3 h6 16. Bh4 Na5 17. Na4 Nb3 18. Rxc8 Qxc8 19. Qd1 Na5 20. Qd2 Nb3 21. Qd1 Na5 22. Nc5 Nc4 23. Qc2 b6 24. Na4 b5 25. Nc5 g5 26. Bg3 Nd7 27. Nxd7 Qxd7 28. Rc1 Rc8 29. Qe2 Nb6 30. Rd1 Bd6 31. f4 Nc4 32. Qh5 1-0

[Event "Titled Tuesday intern op 26th Mar Late"]
[Site "Chess.com INT"]
[Date "2024.03.26"]
[Round "8"]
[White "Aliyev, Ravan"]
[Black "Krzesaj, Robert"]
[Result "1-0"]
[WhiteElo "2352"]
[BlackElo "2391"]
[PlyCount "65"]
[EventDate "2024.03.26"]
[EventType "swiss (blitz)"]
[EventRounds "11"]
[EventCountry "USA"]
[SourceTitle "EXT 2025"]
[Source "ChessBase"]
[SourceDate "2024.10.14"]
[SourceVersion "1"]
[SourceVersionDate "2024.10.14"]
[SourceQuality "1"]

1. Nf3 d5 2. g3 c6 3. Bg2 Nf6 4. 0-0 Bf5 5. d3 h6 6. c4 e6 7. cxd5 exd5 8. Nc3 Be7 9. Nd4 Bg6 10. e4 0-0 11. e5 Nfd7 12. f4 Bc5 13. Be3 Re8 14. Kh1 Bxd4 15. Bxd4 f5 16. Qb3 Nb6 17. a4 Qe7 18. a5 Nc8 19. a6 Nxa6 20. Nxd5 cxd5 21. Qxd5+ Bf7 22. Qxb7 Nc7 23. Rfc1 Ne6 24. Qxa8 Nxd4 25. Rxc8 Kh7 26. Rxe8 Bxe8 27. Qxa7 Qb4 28. Qa3 Qd2 29. Qc3 Qe3 30. Qc5 Bh5 31. Qc1 Qxd3 32. Qc3 Qxc3 33. bxc3 1-0

[Event "Titled Tuesday intern op 26th Mar Late"]
[Site "Chess.com INT"]
[Date "2024.03.26"]
[Round "3"]
[White "Krzesaj, Robert"]
[Black "Kosakowski, Jakub"]
[Result "1-0"]
[WhiteElo "2391"]
[BlackElo "2482"]
[PlyCount "71"]
[EventDate "2024.03.26"]
[EventType "swiss (blitz)"]
[EventRounds "11"]
[EventCountry "USA"]
[SourceTitle "EXT 2025"]
[Source "ChessBase"]
[SourceDate "2024.10.14"]
[SourceVersion "1"]
[SourceVersionDate "2024.10.14"]
[SourceQuality "1"]

1. d4 Nf6 2. c4 c5 3. d5 g6 4. g3 Bg7 5. Bg2 0-0 6. Nc3 d6 7. Nf3 e6 8. 0-0 exd5 9. cxd5 Re8 10. Bf4 Ne4 11. Nxe4 Rxe4 12. Nd2 Rxf4 13. gxf4 Bxb2 14. Rb1 Bg7 15. e4 Na6 16. Nc4 Rb8 17. a4 Nb4 18. e5 dxe5 19. fxe5 Bf5 20. f4 Qh4 21. Rb3 Bc2 22. Qf3 Bxb3 23. Qxb3 g5 24. Qg3 Qxg3 25. hxg3 gxf4 26. gxf4 b6 27. d6 a6 28. d7 Kf8 29. Nxb6 Ke7 30. Rd1 Kd8 31. Nc4 Nc2 32. Rd5 Rb7 33. Nd6 Rxd7 34. Rxc5 Ne3 35. Rc8+ Ke7 36. Re8# 1-0

[Event "Titled Tuesday intern op 26th Mar Late"]
[Site "Chess.com INT"]
[Date "2024.03.26"]
[Round "2"]
[White "Krzesaj, Robert"]
[Black "Nita, Lucian"]
[Result "1-0"]
[WhiteElo "2391"]
[BlackElo "2134"]
[PlyCount "87"]
[EventDate "2024.03.26"]
[EventType "swiss (blitz)"]
[EventRounds "11"]
[EventCountry "USA"]
[SourceTitle "EXT 2025"]
[Source "ChessBase"]
[SourceDate "2024.10.14"]
[SourceVersion "1"]
[SourceVersionDate "2024.10.14"]
[SourceQuality "1"]

1. d4 d6 2. Nf3 Nf6 3. g3 Nbd7 4. Bg2 e5 5. dxe5 dxe5 6. 0-0 Bc5 7. c4 0-0 8. Nc3 a5 9. b3 c6 10. Bb2 Qc7 11. h3 Re8 12. Nd2 Nf8 13. a3 Bf5 14. Nde4 Nxe4 15. Nxe4 Ba7 16. b4 axb4 17. axb4 Rad8 18. Qb3 Bd4 19. c5 Bxb2 20. Qxb2 Rd4 21. Nd6 Rxd6 22. cxd6 Qxd6 23. Rfd1 Qh6 24. h4 g5 25. Qd2 Ne6 26. Ra7 Rd8 27. Qc1 Rxd1+ 28. Qxd1 gxh4 29. Ra8+ Kg7 30. Qd6 Kf6 31. Ra5 Qc1+ 32. Kh2 hxg3+ 33. fxg3 Qh6+ 34. Kg1 Qe3+ 35. Kf1 Qxg3 36. b5 cxb5 37. Rxb5 h5 38. Rxb7 Bh3 39. Qe7+ Kg6 40. Qxf7+ Kh6 41. Qh7+ Kg5 42. Qg8+ Kh4 43. Qxg3+ Kxg3 44. Rb3+ 1-0

[Event "Titled Tuesday intern op 19th Mar Late"]
[Site "Chess.com INT"]
[Date "2024.03.19"]
[Round "8"]
[White "Djokic, Mihailo"]
[Black "Krzesaj, Robert"]
[Result "1-0"]
[WhiteElo "2139"]
[BlackElo "2391"]
[PlyCount "73"]
[EventDate "2024.03.19"]
[EventType "swiss (blitz)"]
[EventRounds "11"]
[EventCountry "USA"]
[SourceTitle "EXT 2025"]
[Source "ChessBase"]
[SourceDate "2024.10.14"]
[SourceVersion "1"]
[SourceVersionDate "2024.10.14"]
[SourceQuality "1"]

1. e4 c6 2. d4 d5 3. e5 Bf5 4. h4 h5 5. Bg5 Qb6 6. Bd3 Bxd3 7. Qxd3 Qa6 8. Qh3 e6 9. Ne2 Ne7 10. Nd2 Nd7 11. c3 c5 12. Nb3 Nc6 13. Qf3 cxd4 14. cxd4 Bb4+ 15. Bd2 Rc8 16. 0-0 Bxd2 17. Nxd2 Qb6 18. Nb3 a5 19. Rfc1 a4 20. Nc5 Nxc5 21. Rxc5 Qxb2 22. Rac1 Ke7 23. Qe3 Qb6 24. Qa3 Kd7 25. Qxa4 Ra8 26. Qc2 Ra3 27. Rb1 Qa6 28. Rcb5 Rb8 29. R1b2 Kc7 30. Qc5 Rxa2 31. Qd6+ Kc8 32. Rxa2 Qxb5 33. Qf8+ Nd8 34. Rc2+ Kd7 35. Qd6+ Ke8 36. Qxb8 Qd3 37. Qc8 1-0

[Event "Titled Tuesday intern op 19th Mar Late"]
[Site "Chess.com INT"]
[Date "2024.03.19"]
[Round "1"]
[White "Krzesaj, Robert"]
[Black "Pakleza, Zbigniew"]
[Result "0-1"]
[WhiteElo "2391"]
[BlackElo "2482"]
[PlyCount "92"]
[EventDate "2024.03.19"]
[EventType "swiss (blitz)"]
[EventRounds "11"]
[EventCountry "USA"]
[SourceTitle "EXT 2025"]
[Source "ChessBase"]
[SourceDate "2024.10.14"]
[SourceVersion "1"]
[SourceVersionDate "2024.10.14"]
[SourceQuality "1"]

1. d4 d6 2. Nf3 Bg4 3. g3 Bxf3 4. exf3 e6 5. Bg2 c6 6. 0-0 g6 7. Re1 Bg7 8. c3 Ne7 9. Bg5 h6 10. Bxe7 Qxe7 11. f4 0-0 12. Nd2 Qc7 13. Qf3 Nd7 14. h4 h5 15. Rad1 d5 16. Qd3 c5 17. dxc5 Nxc5 18. Qb1 Qb6 19. Re2 Rac8 20. Nf3 Rfd8 21. Ne5 Nd7 22. Nxg6 fxg6 23. Qxg6 Nf8 24. Qxh5 d4 25. c4 d3 26. Red2 Rxc4 27. Rxd3 Rxd3 28. Rxd3 Rc1+ 29. Bf1 Rc2 30. Rf3 Qxb2 31. Bd3 Rd2 32. f5 Qf6 33. fxe6 Qxe6 34. Bf5 Qe1+ 35. Kg2 Rd1 36. Be6+ Qxe6 37. Rxf8+ Bxf8 38. Qxd1 Qxa2 39. Qg4+ Kh7 40. Qf5+ Kg7 41. Qg4+ Kf7 42. Qd7+ Be7 43. Qf5+ Ke8 44. Qc8+ Bd8 45. Qxb7 a5 46. h5 Qe6 0-1

[Event "Titled Tuesday intern op 19th Mar Late"]
[Site "Chess.com INT"]
[Date "2024.03.19"]
[Round "3"]
[White "Krzesaj, Robert"]
[Black "Ramirez Madrid, Gerardo Alfonso"]
[Result "1-0"]
[WhiteElo "2391"]
[BlackElo "1970"]
[PlyCount "59"]
[EventDate "2024.03.19"]
[EventType "swiss (blitz)"]
[EventRounds "11"]
[EventCountry "USA"]
[SourceTitle "EXT 2025"]
[Source "ChessBase"]
[SourceDate "2024.10.14"]
[SourceVersion "1"]
[SourceVersionDate "2024.10.14"]
[SourceQuality "1"]

1. d4 Nf6 2. c4 g6 3. g3 d5 4. cxd5 Nxd5 5. Bg2 Bg7 6. Nf3 0-0 7. 0-0 Nc6 8. h3 Re8 9. e4 Nb6 10. d5 Na5 11. Nc3 c6 12. Nd4 cxd5 13. exd5 Nac4 14. b3 Nd6 15. Bb2 Bd7 16. a4 a5 17. Re1 Rc8 18. Qd2 Rc7 19. Ncb5 Nxb5 20. axb5 Rc5 21. Ba3 Rxd5 22. Bxd5 Nxd5 23. Kh2 e5 24. Nf3 e4 25. Qxd5 exf3 26. Rad1 Rxe1 27. Rxe1 Qb6 28. Bc5 Qxb5 29. Re7 Bf8 30. Qxf7+ 1-0